| 000 | 00922nam a2200265 i 4500 | ||
|---|---|---|---|
| 001 | 16598 | ||
| 003 | ES-MaACL | ||
| 005 | 20250728120219.0 | ||
| 007 | t| | ||
| 008 | 001018s1999 sp |||| | spa d | ||
| 020 | _a84-8164-321-1 | ||
| 080 | _a304(460) | ||
| 080 | _a316.323.65(460) | ||
| 245 | 0 | 0 |
_aPolíticas sociales y estado de bienestar en España _b: informe 1999 / _cedición a cargo de Juan Antonio Garde. |
| 260 |
_aMadrid : _bTrotta : _bFundación Hogar del Empleado, _c[1999] |
||
| 300 |
_a864 p. ; _c23 cm. |
||
| 490 | 1 | _aEstructuras y procesos. Ciencias sociales | |
| 650 | 4 |
_aBienestar social- _zEspaña. _910560 |
|
| 651 | 4 |
_aEspaña- _xPolítica social. _98441 |
|
| 700 | 1 |
_aGarde, Juan Antonio. _955484 |
|
| 710 | 2 |
_aFundación Hogar del Empleado. _94319 |
|
| 830 | 0 | 0 |
_aEstructuras y procesos. _pCiencias sociales _9180440 |
| 852 |
_aES-MaACL _jL-23641 |
||
| 999 |
_c16598 _d16598 |
||